000 00608nam a2200241Ia 4500
003 OSt
005 20220924143049.0
006 a|||||r|||| 00| 0
007 ta
008 220923b |||||||| |||| 00| 0 tam d
024 _a304558
037 _cTextual
040 _aARTS
_cARTS
_btam
041 _2tam
_atam
082 _aLBZ6, 31J0.2
100 _aPillai Kannu Sulami
_9214709
245 0 _aPadartha giuna villakam
260 _c1950
300 _a304
_ccm.
650 _aMEDICINE
_94387
942 _hLBZ6, 31J0.2
_cTEXL
_2CC
999 _c453056
_d453056